|
|
|
|
| LEADER |
01127nam a2200253 a 4500 |
| 001 |
26923 |
| 008 |
130425s2007 ii bf 001 0 eng d |
| 010 |
|
|
|a 2007394107
|
| 020 |
|
|
|a 9780195669848
|
| 020 |
|
|
|a 0195669843
|
| 040 |
|
|
|a DLC
|c DLC
|d DLC
|d BD-DhAAL
|
| 082 |
0 |
0 |
|a 330.954
|2 22
|
| 245 |
0 |
4 |
|a The Oxford companion to economics in India /
|c edited by Kaushik Basu.
|
| 260 |
|
|
|a New Delhi ;
|a New York :
|b Oxford Univ. Press,
|c 2007.
|
| 300 |
|
|
|a ix, 602 p. ;
|c 29 cm.+
|e 1 CD-Rom.
|
| 504 |
|
|
|a Includes bibliographical references and indexes.
|
| 541 |
1 |
|
|e 26923
|
| 651 |
|
0 |
|a India
|x Economic policy
|y 1991-
|v Handbooks, manuals, etc.
|
| 651 |
|
0 |
|a India
|x Economic conditions
|y 1945-
|v Handbooks, manuals, etc.
|
| 700 |
1 |
|
|a Basu, Kaushik.
|
| 852 |
1 |
|
|a Ayesha Abed Library
|j General Shelf.
|
| 999 |
|
|
|c 13402
|d 13402
|
| 952 |
|
|
|0 0
|1 0
|2 ddc
|4 0
|6 330_954000000000000_OXF
|7 0
|9 22338
|a IGS
|b IGS
|c GEN
|d 2012-04-22
|e Prothoma
|g 5720.00
|l 0
|o 330.954 OXF
|p 3010026923
|r 2013-05-12
|t 1
|w 2012-04-22
|y BK
|
| 952 |
|
|
|0 0
|1 0
|2 ddc
|4 0
|6 330_954000000000000_OXF
|7 0
|9 22339
|a IGS
|b IGS
|c AV
|d 2012-04-22
|e Prothoma
|l 0
|o 330.954 OXF
|p 4010026923
|r 2013-05-12
|t 1
|w 2012-04-22
|y AV
|